| 000 | 01732nam a2200541 i 4500 | ||
|---|---|---|---|
| 001 | 53981 | ||
| 003 | KOSZ 005 | ||
| 005 | 20220309142406.0 | ||
| 008 | 021223s2001 pl |000 0 pol | ||
| 015 | _aUWD 2003/1104 | ||
| 020 | _a8372490783 | ||
| 035 | _a991019992269705066 | ||
| 035 | _a(PL-WaBN)b15418923-48omnis_nlop | ||
| 035 | _ab15418923 | ||
| 035 | _a(OCoLC)68630751 | ||
| 035 | _a(PL)b0000001541892 | ||
| 035 | _a(EXLNZ-48OMNIS_NETWORK)9910376897805606 | ||
| 040 |
_aWA N _cWA N |
||
| 041 | 1 |
_apol _hfre |
|
| 046 | _k2001- | ||
| 080 | _a07 | ||
| 080 | _a316.77 | ||
| 080 | _a(075.8) | ||
| 100 | 1 |
_aSorlin, Pierre _d(1933- ) _eAutor |
|
| 245 | 1 | 0 |
_aMass media / _cPierre Sorlin ; [tł. Karolina Ciekot-Roczon]. |
| 260 |
_aWrocław : _b"Astrum", _c2001. |
||
| 300 |
_a248 s. ; _c21 cm. |
||
| 336 |
_aTekst _btxt _2rdacontent |
||
| 337 |
_aBez urządzenia pośredniczącego _bn _2rdamedia |
||
| 338 |
_aWolumin _bnc _2rdacarrier |
||
| 380 | _aKsiążki | ||
| 380 | _aPublikacje dydaktyczne | ||
| 385 |
_mPoziom nauczania _aSzkoły wyższe |
||
| 388 | _a2001- | ||
| 490 | 1 | _aKreatywność | |
| 500 | _aTyt. oryg.: Mass media, 1994. Na okł. podtyt.: kluczowe pojęcia. | ||
| 504 | _aBibliogr. | ||
| 650 | 7 |
_aŚrodki masowego przekazu _2DBN |
|
| 650 | 7 | _aSocjologia | |
| 655 | 7 |
_aPodręczniki akademickie _2DBN |
|
| 658 | _aMedia i komunikacja społeczna | ||
| 658 | _aSocjologia i społeczeństwo | ||
| 700 | 1 |
_aCiekot-Roczon, Karolina _eTłumaczenie |
|
| 830 | 0 | _aKreatywność - Astrum | |
| 856 |
_uhttp://koha.tu.koszalin.pl/cgi-bin/koha/opac-detail.pl?biblionumber=53981 _yKatalog online BPK |
||
| 942 |
_2UKD _cKS |
||
| 999 |
_c53981 _d53981 |
||